000 00428nam a22001457a 4500
005 20170515152933.0
008 170515b xxu||||| |||| 00| 0 eng d
040 _cPK-LaUMT
082 _aZIAC 297.01
_bABU-D
100 _aAbu Yazid Abu Zaid
245 _aDrasat fi al fikar al Islami/
_cAbu Yazid Abu Zaid
260 _aبیرت:
_bدارالتوزیع والنشر الاسلامیۃ،
_c1991
300 _a162 ص
942 _cBK
999 _c93536
_d93536